000 00672nam a2200229Ia 4500
005 20241129120207.0
008 241129s9999||||xx |||||||||||||| ||und||
020 _a9781350214187
037 _aTB
040 _aSDCL
_beng
_cSDCL
041 _aeng
_2eng
084 _aQ:4196, R3
_qSDCL
100 _aPechilis Karen Ed.; Holt Amy-Ruth Ed.
_9724202
245 0 _aDevotional visualities: Seeing bhakti in Indic material cultures
260 _aNew Delhi
_bBloomsbury
_c2023
300 _aix,321p.
365 _aGBP
_b85
490 _aBloomsbury studies in material religion
650 _aHistory
942 _cTB
_hQ:4196, R3
999 _c1233746
_d1233746